000 01085cam a22002771i 4500
003 OSt
005 20251201122245.0
008 251128s1971 su g 00010 ara c
040 _aSA-RiAUC
_bara
_cSA-RiAUC
_erda
043 _aa-su
082 0 4 _a350.720531
_qSA-RiAUC
090 _a350.720531
_bس ع و
110 1 _aالسعودية
_eمؤلف.
245 1 0 _aنظام ديوان المراقبة العامة /
_cالسعودية .
250 _aالطبعة الأولى.
264 1 _aمكة المكرمة :
_b[الناشر غير محدد]،
_c1971
264 3 _a[السعودية] :
_bمطبعة الحكومة
300 _a14 صفحة ؛
_c24 سم
336 _aنص
_btxt
_2rdacontent
_3كتاب
337 _aبدون وسيط
_bn
_2rdamedia
338 _aمجلد
_bnc
_2rdacarrier
610 1 7 _aالسعودية.
_bديوان المراقبة العامة
_vقوانين داخلية
_2aucnm
650 7 _aالرقابة الإدارية
_xقوانين وتشريعات
_zالسعودية
_2aucsh
942 _2ddc
_cBOOK
_n0
949 _aSA-JeALM
_d251128
_umohamedma123
_n1
999 _c13421
_d13421